15 Least Densely Populated U.S. States - Statistics

General Stats
  • This quiz has been taken 65 times
  • The average score is 14 of 15
Answer Stats
Density/mi² Density/km² U.S. State % Correct
1.3/mi² 0.5/km² Alaska
100%
7.5/mi² 2.9/km² Montana
100%
17.5/mi² 6.7/km² New Mexico
100%
5.9/mi² 2.3/km² Wyoming
100%
22.3/mi² 8.6/km² Idaho
98%
35.9/mi² 13.9/km² Kansas
98%
25.5/mi² 9.9/km² Nebraska
98%
39.8/mi² 15.4/km² Utah
98%
11.3/mi² 4.4/km² North Dakota
96%
44.1/mi² 17/km² Oregon
94%
11.7/mi² 4.5/km² South Dakota
94%
55.7/mi² 21.5/km² Colorado
93%
44.2/mi² 17.1/km² Maine
93%
28.3/mi² 10.9/km² Nevada
93%
57.1/mi² 22.1/km² Iowa
85%
No matching quizzes found
Score Distribution
Percent of People with Each Score
Percentile by Number Answered
Your Score History
You have not taken this quiz